000 00422cam a2200181ua 4500
020 _c1.00
041 _ahin
_h
082 _a891.54
_bACH/AD
100 _aAcharya, Chatursen .
245 _aAdarsh bhojan /
_cAcharya Chatursen.
_hTextual Documents
250 _a3 /
_b.
260 _a :
_bRajpal and Sanch ,
_c1960.
300 _a75 ; .
365 _a1.00
504 _a
942 _cBK
999 _c8133
_d8133